000 00631nam a22001817a 4500
005 20151001123644.0
010 _aENG-113659
020 _a9788189430290
_c350.00
035 _aEN-97191
037 _bDBAD/PUB
082 _a613.7046
100 _aKriyananda, Swami
245 _aThe art and science of Raja Yoga :
_cby Swami Kriyananda
_bfourteen steps to higher awareness : based on the teachings of Paramhansa Yogananda /
260 _aGurgaon
_bAnanda Sangha Publications
_c2002
270 _bGurgaon
_aB-10/8, DLF Phase- I
_e122002
300 _a471p. :
_c25cm(pbk)
_bill.
942 _2ddc
_cEN
_mKRI
_h613.7046
999 _c95223
_d95223